000 00559nam a2200193Ia 4500
003 GCL
005 20240530095938.0
008 140319s9999 xx 000 0 eng d
040 _aGCL /
_cGCL
082 0 4 _a780.7
_bS M
100 1 _aSWANWICK, KEITH
245 1 0 _aMUSICAL KNOWLEDGE: INSTITUTION, ANALYSIS AND MUSIC EDUCATION /
_cSWANWICK, KEITH
260 _a[S.N] :
_bROUTLEDGE ،
_c1994
300 _a194 P
650 0 4 _aMUSIC - PSYCHOLOGY
650 0 4 _aMUSIC - INSTRUCTION AND STUDY
650 0 4 _aMUSIC - PHILOSOPHY AND AESTHTICS
942 _2ddc
_cBK
999 _c12355
_d12355